| 000 | 01526nam a22003255i 4500 | ||
|---|---|---|---|
| 003 | EG-ScBUE | ||
| 005 | 20250622091758.0 | ||
| 008 | 161221r20142002ii a f b 001 0 eng d | ||
| 020 | _a9788123908717 | ||
| 020 | _a8123908717 | ||
| 040 |
_aEG-ScBUE _beng _erda _cEG-ScBUE _dEG-ScBUE |
||
| 082 | 0 | 4 |
_222 _a537 _bKAK |
| 100 | 1 |
_97831 _aKakani, S. L., _eauthor. |
|
| 245 | 1 | 0 |
_aElectromagnetism : _btheory & problems electrodynamics and plasma physics / _cDr. S. L. Kakani, M.Sc. (Physics), Ph.D., Principal (Retd.), Government Post-Graduate College, Shahpura, Bhilwara-311 404 (Rajasthan), (Formerly Convener BOS and Member Research Board, M.D.S. University, Ajmer), C. Hemrajani, M.Sc. (Physics), Ph.D., Formerly Head, Physics Department, MLV Government P.G. College, Bhilwara-311 001 (Rajasthan). |
| 246 | 3 |
_aElectromagnetism : _btheory and problems electrodynamics and plasma physics |
|
| 250 | _aReprinted edition. | ||
| 264 | 1 |
_aNew Delhi : _bCBS Publishers & Distributers Pvt. Ltd., _c2014. |
|
| 300 |
_axii, 628 pages : _billustrations ; _c20 cm |
||
| 336 |
_2rdacontent _atext _btxt |
||
| 337 |
_aunmediated _2rdamedia _bn |
||
| 338 |
_avolume _bnc _2rdacarrier |
||
| 500 | _aIncludes appendix. | ||
| 504 | _aIncludes bibliographical references and index. | ||
| 650 | 7 |
_91928 _aElectromagnetism. _2BUEsh |
|
| 650 | 7 |
_932813 _aElectromagnetism _vProblems, exercises, etc. _2BUEsh |
|
| 653 |
_bENGELC _cDecember2016 |
||
| 655 | _vReading book | ||
| 700 | 1 |
_941738 _aHemrajani, C., _eauthor. |
|
| 942 |
_2ddc _cBB |
||
| 999 |
_c23687 _d23659 |
||